000 00651nam a2200193Ia 4500
003 GCL
008 140319s9999 xx 000 0 ara d
040 _aGCL /
_cGCL
082 0 4 _a001.640403
_bج م
100 1 _aجاسر عودة
245 1 0 _aالموسوعة المبسطة لمصطلحات الكمبيوتر simplifield computer encyclopedya /
_cجاسر عودة
260 _a[S.N] :
_bمجموعة الخلفاء للعلوم المتطورة ،
_c1991
300 _a206 ص
490 _a
650 0 4 _aدوائر المعارف
650 0 4 _aالحاسبات الالكترونية
650 0 4 _aالمصطلحات
942 _2ddc
_cBK
999 _c37283
_d37283